Revista de estudios locales CUNAL / Consejo General Nacional de Funcionarios de Administración Local con Habilitación de Carácter Nacional Consejo General Nacional de Funcionarios de Administración Local con Habilitación de Carácter Nacional
Descripción Física:
96 vols. ; taules ; fotografies i il·lustracions b/n ; periodicitat: mensual (fins 1998), bimestral ; 24 cm
Idioma:
Español
MARC
| LEADER | 00000nas a2200000 a 4500 | ||
|---|---|---|---|
| 001 | 28216, 28217, 28218, 28219, 28220, 28221, 28222, 28223, 28224, 28225, 28226, 28227 | ||
| 003 | AGDB | ||
| 005 | 20260324181509.0 | ||
| 008 | 160829s9999 xx 000 0 cat d | ||
| 017 | |a B 60-1958 | ||
| 022 | |a 1578-9241 | ||
| 040 | |a agb |b cat | ||
| 041 | |a spa | ||
| 245 | |a Revista de estudios locales CUNAL / |b Consejo General Nacional de Funcionarios de Administración Local con Habilitación de Carácter Nacional | ||
| 246 | |a CUNAL | ||
| 246 | |a Revista de estudios locales | ||
| 247 | |a Boletín informativo |b / Cuerpos Nacionales de Administración Local | ||
| 260 | |a Madrid : |b el Consejo ; |c [1995- ] | ||
| 300 | |a 96 vols. ; |b taules ; fotografies i il·lustracions b/n ; periodicitat: mensual (fins 1998), bimestral ; |c 24 cm | ||
| 310 | |a Bimestral | ||
| 504 | |a Bibliografia. | ||
| 504 | |a Conté jurisprudència. | ||
| 508 | |a A partir de núm. 66 (juny 2003) edita Consejo General de Secretarios, Interventores y Tesoreros de la Administración Local (COSITAL). | ||
| 590 | |a Continuació de: CUNAL, ISSN 1578-925X | ||
| 650 | 0 | |a Administració local |z Espanya |v Revistes |9 39429 | |
| 655 | 0 | |9 55823 |a Revistes | |
| 710 | |a Consejo General Nacional de Funcionarios de Administración Local con Habilitación de Carácter Nacional (Espanya) |9 69875 | ||
| 710 | |a Consejo General de Secretarios, Interventores y Tesoreros de la Administración Local (Espanya) |9 69876 | ||
| 780 | 0 | 0 | |t Boletín informativo / Cuerpos Nacionales de Administración Local |
| 866 | |a 1996 (7-10; 12 + núm. extraordinari i apèndix) | ||
| 866 | |a 1997 (13-18 + núm. extraordinari i apèndix) | ||
| 866 | |a 1998 (19-23 + núm. extraordinari) | ||
| 866 | |a 1999 (25-30 ; 33-32 + núm. extraordinari) | ||
| 866 | |a 2000 (34-42 + núm. extraordinari i índex) | ||
| 866 | |a 2001 (43-51 + núm. extraordinari i índex) | ||
| 866 | |a 2002 (52-58 ; 60 + índex) | ||
| 866 | |a 2003 (61-94 ; 66; 68-69 + índex) | ||
| 866 | |a 2004 (70-71 ; 75-76 ; 78 + núm. extraordinari i índex) | ||
| 866 | |a 2005 (79-83 ; 85 ; 87) | ||
| 866 | |a 2006 (89-96) | ||
| 866 | |a 2007 (97-99 ; 101-103 + núm. extraordinari) | ||
| 901 | |a Arxiu | ||
| 942 | |n 1 |2 udc |c REV | ||
| 952 | |0 0 |1 0 |4 0 |6 REV2293 |7 1 |9 49005 |a Arxiu |b Arxiu |d 2016-12-01 |h Núm. 7 (gener/febrer 1996) - Núm. 10 (juliol/agost 1996) ; Núm. 12 (novembre/desembre 1996) + Núm. extraordinari i apèndix (juliol 1996) |o Rev-2293 |p 28216 |r 2016-12-01 00:00:00 |w 2016-12-01 |y ARXIU | ||
| 952 | |0 0 |1 0 |4 0 |6 REV2293 |7 1 |9 96158 |a Arxiu |b Arxiu |d 2023-08-21 |h Núm. 13 (gener/febrer 1997) - Núm. 18 (novembre/desembre 1997) + Núm. extraordinari (juliol 1997) + Apèndix del núm. 18 (novembre/desembre 1997) |o Rev-2293 |p 28217 |r 2023-08-21 00:00:00 |w 2023-08-21 |y ARXIU | ||
| 952 | |0 0 |1 0 |4 0 |7 1 |9 96159 |a Arxiu |b Arxiu |d 2023-08-21 |h Núm. 19 (gener/febrer 1998) - Núm. 23 (setembre/octubre 1998) + Núm. extraordinari (juliol 1998) |o Rev-2293 |p 28218 |r 2023-08-21 00:00:00 |w 2023-08-21 |y ARXIU | ||
| 952 | |0 0 |1 0 |4 0 |6 REV2294 |7 1 |9 96160 |a Arxiu |b Arxiu |d 2023-08-21 |h Núm. 25 (gener 1999) - Núm. 30 (juny 1999) ; Núm. 32 (octubre 1999) - Núm. 33 (novembre/desembre 1999) + Núm. extraordinari (juliol 1999) |l 0 |o Rev-2294 |p 28219 |r 2023-08-21 00:00:00 |w 2023-08-21 |y ARXIU | ||
| 952 | |0 0 |1 0 |4 0 |6 REV2294 |7 1 |9 96161 |a Arxiu |b Arxiu |d 2023-08-21 |h Núm. 34 (gener 2000) - Núm. 42 (novembre/desembre 2000) + Núm. extraordinari (juliol 2000) + Índex any 2000 |l 0 |o Rev-2294 |p 28220 |r 2023-08-21 00:00:00 |w 2023-08-21 |y ARXIU | ||
| 952 | |0 0 |1 0 |4 0 |6 REV2295 |7 1 |9 96162 |a Arxiu |b Arxiu |d 2023-08-21 |h Núm. 43 (gener 2001) - Núm. 51 (novembre/desembre 2001) + Núm. extraordinari (juliol 2001) + Índex any 2001 |l 0 |o Rev-2295 |p 28221 |r 2023-08-21 00:00:00 |w 2023-08-21 |y ARXIU | ||
| 952 | |0 0 |1 0 |4 0 |6 REV2295 |7 1 |9 96163 |a Arxiu |b Arxiu |d 2023-08-21 |h Núm. 52 (gener 2002) - Núm. 58 (setembre 2002) ; Núm. 60 (novembre/desembre 2002) + Índex any 2002 |l 0 |o Rev-2295 |p 28222 |r 2023-08-21 00:00:00 |w 2023-08-21 |y ARXIU | ||
| 952 | |0 0 |1 0 |4 0 |6 REV2296 |7 1 |9 96164 |a Arxiu |b Arxiu |d 2023-08-21 |h Núm. 61 (gener 2003) - Núm. 64 (abril 2003) ; Núm. 66 (juny 2003) ; Núm. 68 (octubre 2003) - Núm. 69 (novembre/desembre 2003) + Índex any 2003 |l 0 |o Rev-2296 |p 28223 |r 2023-08-21 00:00:00 |w 2023-08-21 |y ARXIU | ||
| 952 | |0 0 |1 0 |4 0 |6 REV2296 |7 1 |9 96165 |a Arxiu |b Arxiu |d 2023-08-21 |h Núm. 70 (gener 2004) - Núm. 71 (febrer 2004) ; Núm. 75 (juny 2004) - Núm. 76 (setembre 2004) ; Núm. 78 (novembre/desembre 2004) + Núm. extraordinari (juliol 2004) + Índex any 2004 |l 0 |o Rev-2296 |p 28224 |r 2023-08-21 00:00:00 |w 2023-08-21 |y ARXIU | ||
| 952 | |0 0 |1 0 |4 0 |6 REV2296 |7 1 |9 96166 |a Arxiu |b Arxiu |d 2023-08-21 |h Núm. 79 (gener 2005) - Núm. 83 (maig 2005) ; Núm. 85 (setembre 2005) ; Núm. 87 (novembre/desembre 2005) |l 0 |o Rev-2296 |p 28225 |r 2023-08-21 00:00:00 |w 2023-08-21 |y ARXIU | ||
| 952 | |0 0 |1 0 |4 0 |7 1 |9 96167 |a Arxiu |b Arxiu |d 2023-08-21 |h Núm. 89 (febrer 2006) - Núm. 96 (novembre/desembre 2006) |o Rev-2297 |p 28226 |r 2023-08-21 00:00:00 |w 2023-08-21 |y ARXIU | ||
| 952 | |0 0 |1 0 |4 0 |6 REV2297 |7 1 |9 96168 |a Arxiu |b Arxiu |d 2023-08-21 |h Núm. 97 (gener 2007) - Núm. 99 (març 2007) ; Núm. 101 (maig 2007) - Núm. 103 (setembre 2007) + Núm. extraordinari (juliol 2007) |o Rev-2297 |p 28227 |r 2023-08-21 00:00:00 |w 2023-08-21 |y ARXIU | ||
| 999 | |c 52840 |d 52840 | ||